| 000 | 01280nam0a22002411 4500 | ||
|---|---|---|---|
| 001 | rc\2882166 | ||
| 005 | 20110720152031.6 | ||
| 035 | _a(NLR Aleph) 007034955 | ||
| 090 |
_a6040572 _c6040572 |
||
| 100 | _a20110720d1932 |||y0rusy50 ca | ||
| 101 | 0 | _arus | |
| 102 | _aRU | ||
| 105 | _aa z ||||| | ||
| 200 | 1 |
_aПолучение окиси и металлического аллюминия из глин Бобриковского месторождения Подмосковного каменноугольного бассейна _eОтчет о полузаводских испытаниях, проведенных в 1930 и 1931 гг. _fинж. Л.Г. Кобленц _gПод ред. и с предисл. А.Н. Долгова _gГос. упр. по постройке Подмосков. энергохим. комбината "Мосхимэнергострой" |
|
| 210 |
_aМосква _cМосхимэнергострой _d1932 _gтипо-литогр. им. Воровского |
||
| 215 |
_aОбл., 94, [2] с., включ. тит. л. _cсхем. _d22х15 см |
||
| 700 | 1 |
_aКобленц _bЛ. Г. |
|
| 702 | 1 |
_aДолгов _bА. Н. _4340 |
|
| 801 | 0 |
_aRU _bNLR _gpsbo |
|
| 801 | 1 |
_aRU _bELAR _2rusmarc |
|
| 852 |
_aNLR _j32-10/3466 |
||
| 942 | _cBOOK | ||
| 980 | _aNB | ||